00832nam a22002177a 450000500170000001000150001702000270003202000240005903500140008303700130009708200130011010000170012324501170014026000450025727000640030230000250036650000500039194200270044199900190046895201270048720161108151911.0 aENG-116470 c1095.00a9780199460908 c1095.00a0199460906 aEN-100002 bDBAD/PUB a891.4414 aJelnikar,Ana aUniversalist hopes in India and Europe :cby Ana jelnikarbThe world of rabindranath tagore and srecko kosovel / aNew DelhibOxford University Pressc2016 aYMCA Library Building, 1 Jai Singh Road,bNew Delhie110001 axvii,384p.c22cm(Hb) a Includes bibliographical reference and index 2ddccENmKARh891.4414 c104536d104536 001040708NFICaBL4bBL4d2016-11-08eDBAD/PUBg1095.00l0o891.4414 KARpEN-100002r2016-11-08 00:00:00t1v1095.00yEN